|
|
|
|
| LEADER |
00600cam a2200181 7i4500 |
| 001 |
0000023088 |
| 005 |
20090708090000.0 |
| 090 |
0 |
0 |
|a INDA 634
|b EXP
|
| 110 |
2 |
0 |
|a Export - Import Bank of India (EXIMBANK)
|
| 245 |
2 |
4 |
|a Fresh fruits, vegetables and dairy products :
|b India's potential for export to other Asian countries.
|
| 260 |
0 |
0 |
|a Mumbai:
|b Quest Publication,
|c 2005.
|
| 300 |
# |
# |
|a 132 p.
|
| 440 |
0 |
0 |
|a Occasional papers N0.104
|
| 650 |
0 |
0 |
|a Asia
|
| 650 |
0 |
0 |
|a India
|
| 650 |
0 |
0 |
|a Vegetables --
|z India
|
| 650 |
0 |
0 |
|a Fresh fruits --
|z India
|
| 999 |
|
|
|a 0000022351
|b Book
|c Countries
|e Business Information Centre
|